| 000 | 00000nam##2200000za#4500 |
| 001 | 9.574521 |
| 003 | CaOODSP |
| 005 | 20210624184226 |
| 007 | cr ||||||||||| |
| 008 | 150406|2006||||xxc|||||o f|0| 0 eng|d |
| 040 | |aCaOODSP|beng |
| 043 | |an-cn--- |
| 086 | 1 |aTU3-5/06-24E-PDF |
| 110 | 2 |aTransportation Safety Board of Canada. |
| 245 | 10|aCollision with water - Helicopter Transport Services (Canada) Inc. McDonnell Douglas Hughes 369E (helicopter) C-FHMF, Davy Lake, Saskatchewan, 20 nm E, 13 August 2006 |h[electronic resource] |
| 260 | |aGatineau - Quebec : |bTransportation Safety Board of Canada |c2007. |
| 300 | |a9p.|bphotographs |
| 490 | 1 |aAviation investigation report |vA06C0131 |
| 500 | |a"The Board authorized the release of this report on 03 May 2007" --p.7. |
| 590 | |a12-33-Supp|b2012-07-18 |
| 775 | 08|tCollision avec un plan d'eau de l'hélicoptère McDonnell Douglas Hughes 369E C-FHMF, exploité par Helicopter Transport Services (Canada) Inc., à 20 nm à l'est de Davy Lake (Saskatchewan), le 13 août 2006 |w(CaOODSP)9.604265 |
| 830 | #0|aAviation investigation report ;|vA06C0131|w(CaOODSP)9.504825 |
| 856 | 40|ahttp://publications.gc.ca|qPDF|s320 KB|uhttps://publications.gc.ca/collections/collection_2012/bst-tsb/TU3-5-06-24-eng.pdf|yA06C0131 |